Countries Starting with 'M' - Statistics

General Stats
  • This quiz has been taken 191 times
  • The average score is 15 of 18
Answer Stats
Continent Country % Correct
Africa Mali
88%
Africa Mauritania
88%
North America Mexico
87%
Europe Monaco
86%
Africa Madagascar
85%
Africa Mauritius
85%
Asia Mongolia
85%
Asia Malaysia
84%
Europe Malta
83%
Europe Moldova
83%
Europe Montenegro
83%
Africa Morocco
82%
Asia Myanmar
81%
Oceania Micronesia
78%
Africa Mozambique
77%
Oceania Marshall Islands
76%
Africa Malawi
75%
Asia Maldives
74%
No matching quizzes found
Score Distribution
Percent of People with Each Score
Percentile by Number Answered
Your Score History
You have not taken this quiz